000 00571nam a2200193Ia 4500
003 GCL
008 140319s9999 xx 000 0 ara d
040 _aGCL /
_cGCL
082 0 4 _a669.8
_bع ف
100 1 _aعبدالرؤوف رضوان
245 1 0 _aالفرن العالى /
_cعبدالرؤوف رضوان
260 _a[S.N] :
_bمؤسسة الاهرام ،
_c1977
300 _a269 ص
490 _aالاسس التكنولوجية
_v0
650 0 4 _aالهندسة الكهربية
650 0 4 _aالحديد
650 0 4 _aالافران
942 _2ddc
_cBK
999 _c53674
_d53674